Japan : Selected Issues.

This paper describes determinants of Japan's productivity growth, reform outputs, and speculation on future potential growth. It investigates the macroeconomic implications of alternative fiscal strategies; examines the issues surrounding the Bank of Japan's understanding of price stabilit...

Повний опис

Бібліографічні деталі
Співавтор: International Monetary Fund
Формат: Журнал
Мова:English
Опубліковано: Washington, D.C. : International Monetary Fund, 2006.
Серія:IMF Staff Country Reports; Country Report ; No. 2006/276
Онлайн доступ:Full text available on IMF
LEADER 01563cas a2200241 a 4500
001 AALejournalIMF004348
008 230101c9999 xx r poo 0 0eng d
020 |c 5.00 USD 
020 |z 9781451820683 
022 |a 1934-7685 
040 |a BD-DhAAL  |c BD-DhAAL 
110 2 |a International Monetary Fund. 
245 1 0 |a Japan :   |b Selected Issues. 
264 1 |a Washington, D.C. :  |b International Monetary Fund,  |c 2006. 
300 |a 1 online resource (55 pages) 
490 1 |a IMF Staff Country Reports 
500 |a <strong>Off-Campus Access:</strong> No User ID or Password Required 
500 |a <strong>On-Campus Access:</strong> No User ID or Password Required 
506 |a Electronic access restricted to authorized BRAC University faculty, staff and students 
520 3 |a This paper describes determinants of Japan's productivity growth, reform outputs, and speculation on future potential growth. It investigates the macroeconomic implications of alternative fiscal strategies; examines the issues surrounding the Bank of Japan's understanding of price stability and monetary policy; examines the impact of Japan's inflation and price developments; and describes the reengagement of Japanese banks with the rest of Asia for maintaining financial and macroeconomic stability in both Japan and in the other Asian countries. 
538 |a Mode of access: Internet 
830 0 |a IMF Staff Country Reports; Country Report ;  |v No. 2006/276 
856 4 0 |z Full text available on IMF  |u http://elibrary.imf.org/view/journals/002/2006/276/002.2006.issue-276-en.xml  |z IMF e-Library